00254 a2200121 4500001000700000020001500007040003500022100002300057240002000080245001500100300000800115362000900123153276 a8525409855 cEscola São Tomás de Aquino aALENCAR, José de10aO gaúcholpor10aO gaúcho a3100 a2002